000 00684nam a2200193Ia 4500
008 090123s9999 xx 000 0 und d
082 _b29721
100 _aओशो
245 _a"मी धार्मिकता शिकवतो,धर्म नाही !"
250 _a1
260 _bमेहता प्रकाशन
_c1999
300 _a140
600 _aओशो
630 _a"मी धार्मिकता शिकवतो,धर्म नाही !"
700 _aओशो
700 _aगडकरी मृणालिनी
730 _a"मी धार्मिकता शिकवतो,धर्म नाही !"
942 _cBOOK
999 _c68629
_d68629